Tourism marketing

Main Author: Lumsdon, Les (Author)
Published: London, England: International Thomson Business Press, 1997
Subjects:
LEADER 00845cam a2200253 7i4500
001 0000015621
005 20251009090000.0
008 251009t19971997enka ### #00001eng##
020 # # |a 186152045X  
020 # # |a 9781861520456  
040 # # |a UMT   |b eng   |c UMT   |d Malcat   |e rda 
090 0 0 |a G 155 .A1   |b L86 1997 
100 1 # |a Lumsdon, Les   |e author  
245 1 0 |a Tourism marketing   |c Les Lumsdon. 
264 # 1 |a London, England:   |b International Thomson Business Press,   |c 1997 
264 # 4 |c ♭1997 
300 # # |a xiv, 290 pages:   |b illustrations;   |c 25 cm 
336 # # |a text --   |2 rdacontent 
337 # # |a unmediated --   |2 rdamedia 
338 # # |a volume --   |2 rdacarrier 
500 # # |a Includes index 
590 # # |a Pusat Pengajian Perniagaan dan Pengurusan Maritim 
650 # 0 |a Tourist trade --   |x Marketing  
999 |a 1000402891  |b Book  |c Open Shelf  |e KOLEKSI TERBUKA